Регионална библиотека "Любен Каравелов" - Русе

Любими спътници на детството (Запис номер 3962)

MARC детайли
000 -Лидер
Контролно поле с фиксирана дължина 01965nam a2200421 a 4500
003 - Код на организацията, давaща контролен номер
Контролно поле BLK
005 - Дата и час на последна редакция
Контролно поле 20240125125358.0
008 - Елементи от данни с фиксирана дължина
fixed length control field 180412b bul|||||r ||||||| ||bul||
010 ## - Наследен системен номер
LC control number KNG00005082000
020 ## - Международен стандартен номер на книга ISBN
Международен стандартен номер на книга ISBN 954-426-077-3
040 ## - Източник на каталожния запис
Идентификатор на билиотеката - собственик на записа BLK
041 ## - Код за език
Код за езика на текст/звукозапис или на отделно заглавие Български
Код за езика КДБФ Български
080 ## - УДК
Текстов определител УДК Литература в основното училище. Методика на обучението
УДК код - определител по УДК 373.3.016:821
УДК определител (082)(07)
УДК - код + определител 373.3.016:821(082)(07)
080 ## - УДК
Текстов определител УДК Литература на отделни езици и езикови семейства
УДК код - определител по УДК 821
УДК определител -93-34
УДК - код + определител 821-93-34
100 1# - Редна дума - Автор
Автор Ангелова, Веселина
Авторска отговорност първи автор
R(LIN) 243222
139 ## - Редно поле
Редна дума Ангелова, Веселина
Авторски знак Ан - А 64
245 10 - Сведения за заглавието
Заглавие Любими спътници на детството
Подзаглавни данни Аз и световните разказвачи на приказки
Редно поле (дума) Веселина Ангелова; съавт. Елена Блажева Маринова; съавт. Тинка Иванова Арнаутска; Веселина Ангелова Бобанац.
257 ## - Страна на издаване
Страна на създаване/издаване България
260 ## - Област на издателските данни
Място на издаване, разпространение и проч. София
Име на издателя, разпространителя и проч. Анубис
Година на издаване 1994
300 ## - Физическа характеристика
Страници 256 с.
Размери/Мащаб 20 см
380 ## - Жанр
Жанр Общ отдел
500 ## - Общи забележки
Забележка Пълното име на първата авт. е Веселина Ангелова Бобанац.
650 #4 - Допълнително описание по предмет – тема
Основно описание – тема или топоним Литература - христоматии - учебни помагала
9 (RLIN) 248091
653 ## - Ключова дума – ненормативна
Ключова дума литература
653 ## - Ключова дума – ненормативна
Ключова дума христоматии
700 1# - Други автори (авторска отговорност)
Лично име Маринова, Елена Блажева
Автороска отговорност (Описва отношението между автора и произведението) съавт.
9 (RLIN) 363621
700 1# - Други автори (авторска отговорност)
Лично име Арнаутска, Тинка Иванова
Автороска отговорност (Описва отношението между автора и произведението) съавт.
9 (RLIN) 33633
700 1# - Други автори (авторска отговорност)
Лично име Бобанац, Веселина Ангелова
9 (RLIN) 243223
852 ## - Местоположение
Форматна сигнатура Цб 179641
Фондова буква Хранилище
856 4# - Електронен адрес и достъп
Електронен формат pdf - файл
Път до файла /url/
856 4# - Електронен адрес и достъп
Електронен формат pdf - файл
Път до файла /url/
942 ## - АРТИКУЛИ
Вид на библиотечния материал Книги
Скрит в OPAC Не
Koha issues (borrowed), all copies 1
Периодичен библиозапис Да
944 ## - СЪЗДАВАНЕ И РЕДАКЦИЯ на ЗАПИСА
Създаване/Редакция Създаване
Дата на регистрацията/редакция 28.03.2003
Служител, извършил регистрацията/редакцията 30534
Статус, дата на статуса Радостина Карадакова
944 ## - СЪЗДАВАНЕ И РЕДАКЦИЯ на ЗАПИСА
Създаване/Редакция Редакция
Дата на регистрацията/редакция 08.09.2011
999 ## - СИСТЕМНИ КОНТРОЛНИ НОМЕРА
Koha biblionumber 3962
Koha biblioitemnumber 3962
999 ## - СИСТЕМНИ КОНТРОЛНИ НОМЕРА
Koha biblioitemnumber 3962
999 ## - СИСТЕМНИ КОНТРОЛНИ НОМЕРА
Koha biblioitemnumber 3962
999 ## - СИСТЕМНИ КОНТРОЛНИ НОМЕРА
Koha biblioitemnumber 3962
Наличности
Код за отписване Код за изгубен артикул Източник на класификационната схема Код за повреда Коз за рестрикции Код за отдаване Артикулен № Име на библиотеката - собственик Име на библиотеката, в която се намира в момента Статус (Текущо местоположение) Дата на вписване в системата Местоположение - отдел Цена в лева Инвентарен номер Систематично азбучна сигнатура Баркод Номер на екземпляра Цена в евро Служебна бележка Служебен тип на артикула
  Не е изгубен Universal Decimal Classification Не е повреден без рестрикции ползва се в читалня 7081 Регионална библиотека "Любен Каравелов" Русе Регионална библиотека "Любен Каравелов" Русе Хранилище 2001-01-01 Хранилище 0.00 608289 Цб 179641 120000608289 1 0.00 Дост: Dp Вид: Д N: стар фонд Дата: 01.01.1994 Дата инв: 18.06.2015 Бележки инв: Цб2015 Книги
Изтеглен Не е изгубен Universal Decimal Classification Не е повреден без рестрикции заемане за дома 7082 Регионална библиотека "Любен Каравелов" Русе Регионална библиотека "Любен Каравелов" Русе Детски отдел 2001-01-01 Детски отдел 0.98 615214 ДН 372.8/А 64 615214 2 0.50 Дост: Pk Вид: Ф N: стар фонд Дата: 01.01.1994 Дата инв: 21.08.2015 Бележки инв: Д2015 Книги
  Не е изгубен Universal Decimal Classification Не е повреден без рестрикции заемане за дома 7083 Регионална библиотека "Любен Каравелов" Русе Регионална библиотека "Любен Каравелов" Русе Детски отдел 2001-01-01 Детски отдел 0.44 615215 ДН 373.3.016:821/А 64 120000615215 3 0.22 Дост: Pk Вид: Ф N: стар фонд Дата: 01.01.1994 Дата инв: 21.08.2015 Бележки инв: Д2015 Книги
  Не е изгубен Universal Decimal Classification Не е повреден без рестрикции заемане за дома 7084 Регионална библиотека "Любен Каравелов" Русе Регионална библиотека "Любен Каравелов" Русе Заемна - подръчен фонд 2001-01-01 Заемна - подръчен фонд 0.44 615216 373.3.016:821/А 64 В 120000615216 4 0.22 Дост: Pk Вид: Ф N: стар фонд Дата: 01.01.1994 Дата инв: 21.08.2015 Бележки инв: Д2015 Книги
Изтеглен Не е изгубен Universal Decimal Classification Не е повреден без рестрикции заемане за дома 7085 Регионална библиотека "Любен Каравелов" Русе Регионална библиотека "Любен Каравелов" Русе Детски отдел 2001-01-01 Детски отдел 0.98 615217 ДН 372.8/А 64 615217 5 0.50 Дост: Pk Вид: Ф N: стар фонд Дата: 01.01.1994 Дата инв: 21.08.2015 Бележки инв: Д2015 Книги
Vip Innovations Ltd, Rousse, Bulgaria 2025